Los sueños. Cómo interpretarlos

Gorde:
Xehetasun bibliografikoak
Egile nagusia: Machelli, M. (autor)
Formatua: Liburua
Hizkuntza:gaztelania
Argitaratua: Santiago Arrayán 2004
Gaiak:
Etiketak: Etiketa erantsi
Etiketarik gabe, Izan zaitez lehena erregistro honi etiketa jartzen!

MARC

LEADER 00000nam a2200000 a 4500
001 UCL8010
003 CL-VaPUC
008 040611e20040000CL |||||||||||||||||spa|d
020 |a 9562403912 
082 0 4 |a 154.63  |b MAC  |2 21 
100 |a Machelli, M.  |e autor  |9 485917 
245 1 4 |a Los sueños. Cómo interpretarlos 
300 |a 192 p 
942 |c BK 
945 |d 20040611 00:00:00  |a cmena 
260 |a Santiago  |b Arrayán  |c 2004 
650 0 |a Sueños   |9 267047 
650 0 |a Psicoanálisis   |9 265702 
583 |a last modification  |c 20040611 00:00:00  |k Rodrigo Vera 
999 |c 309496  |d 309494 
952 |0 0  |1 0  |4 0  |6 154_630000000000000_MAC_2004  |7 0  |8 A  |9 376973  |a BIBEDU  |b BIBEDU  |d 2019-11-21  |i 4026209  |l 1  |o 154.63 MAC 2004  |p 4026209  |r 2023-09-28  |s 2023-09-28  |w 2019-11-21  |y BK  |k EDU